000 00519nam a2200181Ia 4500
003 OSt
005 20260209110335.0
008 210210b1955 xxu||||| |||| 00| 0 eng d
040 _cAL
041 _aKannada
082 _a852/447
100 _aRANGANATHA DIVAKARA
_989971
_dರಂಗನಾಥ ದಿವಾಕರ.
245 _aKaranirakaraneya vira kathe
_bಕರನಿರಾಕರಣೆ ವೀರ ಕಥೆ
260 _aHubballi
_b-
_c1955
690 _aKannada Prose
_989978
906 _a019013
942 _2ddc
_cBK
999 _c143064
_d143064